00413pam a2200133 a 4500020001500000020001500015040000800030082002600038100001900064245007900083260005100162300004600213650002000259 a0226586308 a0226586316 cDLC a581 UNI 1992 A060 Or.1 aNiklas, Karl J10aPlant biomechanics :ban engineering approach to plant form and function / aChicago :bUniversity of Chicago Press,cc1992 axiii, 607 p. :bill. (some col.) ;c24 cm 0aPlant mechanics